000 00761nam a2200217 a 4500
001 14658
003 CO-ViMGA
008 141112s2004 ck r 000 u spa d
020 _a9586007235
040 _aCO-ViMGA
_bspa
_cCO-ViMGA
082 0 4 _aMEVIECAR.6404 T495p 6
100 1 _aTiznado Santana, Marco Antonio
_921372
245 1 0 _aPassword 6
260 _aSta Fe de Bogotá McGraw Hill.1999
300 _a188.p.il.
500 _aCONTIENE DISKET .
505 _aEl computador y sus partes. - DOS. - Archivos y directorios. - Windows3.1. - Administrador de archivos. - Accesorios de windows 3.1. - Windows 95. - Explorador de windows. - Herramientas de Multimedia. Password 6
650 1 4 _aCOMPUTACION
_99633
650 1 4 _aINFORMATICA
942 _2ddc
_cBK
999 _c25200
_d25200